[Event "GCT Rapid Paris 2018"]
[Site "Paris FRA"]
[Date "2018.06.20"]
[Round "2.4"]
[White "Nakamura,Hi"]
[Black "Aronian,L"]
[Result "1/2-1/2"]
[WhiteElo "2769"]
[BlackElo "2764"]

1.e4 e5 2.Nf3 Nc6 3.Bb5 Nf6 4.d3 Bc5 5.Bxc6 dxc6 6.h3 Be6 7.Nc3 Qd6 8.Be3 Bb6
9.O-O O-O 10.Ne2 Nd7 11.Ng3 f6 12.Qe2 a5 13.Nd2 Bxe3 14.fxe3 g6 15.Nf3 a4
16.Qf2 c5 17.a3 Ra6 18.Rad1 Qe7 19.c3 Bb3 20.Rc1 Rd6 21.d4 b6 22.h4 Bc4 23.Rfe1 h5
24.Qc2 b5 25.Nf1 Re6 26.N1d2 Nb6 27.b3 axb3 28.Nxb3 Bxb3 29.Qxb3 c6 30.dxe5 fxe5
31.Ng5 c4 32.Qb4 Qxb4 33.axb4 Rd6 34.Red1 Rd3 35.Ne6 Rf6 36.Nc5 Rxe3 37.Rd8+ Kg7
38.Rcd1 Re2 39.Rb8 Rff2 40.Rxb6 Rxg2+ 41.Kh1  1/2-1/2

[Event "GCT Rapid Paris 2018"]
[Site "Paris FRA"]
[Date "2018.06.20"]
[Round "3.5"]
[White "Karjakin,Sergey"]
[Black "Nakamura,Hi"]
[Result "1/2-1/2"]
[WhiteElo "2782"]
[BlackElo "2769"]

1.e4 e5 2.Nf3 Nc6 3.Bb5 Nf6 4.O-O Nxe4 5.Re1 Nd6 6.Nxe5 Be7 7.Bf1 Nf5 8.Nf3 O-O
9.d4 d5 10.c3 Re8 11.Nbd2 Bd6 12.Bd3 Bd7 13.Nf1 Rxe1 14.Qxe1 f6 15.Bd2 Qe8
16.Qc1 Qf7 17.Bf4 Nce7 18.Ng3 Bxf4 19.Qxf4 Nd6 20.Re1 Re8 21.h3 Ng6 22.Rxe8+ Qxe8
23.Qc1 Bb5 24.Bc2 a5 25.b3 b6 26.a4 Bc6 27.Bd3 Bb7 28.Nf1 Nf8 29.Ne3 Ne6
30.Qc2 g6 31.g3 c5 32.h4 Ng7 33.Qc1 Qe6 34.Bf1 Qe7 35.Ng2 Ne6 36.Ne3 Ng7
37.Bh3 Nge8 38.Ne1 c4 39.Qa3 cxb3 40.Qxb3 Nc4 41.N1g2 Ned6 42.Nxc4 Nxc4 43.Qb5 g5
44.Bg4 Kg7 45.Kh2 Qc7 46.Be2 Bc6 47.Qb3 Qd7 48.Qb1 Bxa4 49.hxg5 fxg5 50.Bxc4 dxc4
51.Qxb6 Qf5 52.Qc7+ Bd7 53.Qxc4 Qxf2 54.Qc5 Qf5 55.d5 a4 56.c4 h5 57.Qd4+ Qf6
58.Qa7 Qf5 59.Qe3 Kf7 60.Kg1 Qb1+ 61.Kh2 Qf5 62.Qa7 Kg6 63.Qb6+ Qf6 64.Qa7 Qd6
65.Kh1 a3 66.Ne3 a2 67.Qxa2 Qxg3 68.Qc2+ Kf6 69.Qe4 Qe5 70.Qf3+ Kg6 71.c5 g4
72.Qf2 Qe4+ 73.Kg1 h4 74.c6 g3 75.Qc2 Qxc2 76.Nxc2 Bf5 77.Ne3 Bh3 78.Ng2 Kf6
79.d6 Ke6 80.d7 Ke7 81.Nxh4 Bxd7  1/2-1/2

[Event "GCT Rapid Paris 2018"]
[Site "Paris FRA"]
[Date "2018.06.21"]
[Round "4.5"]
[White "Nakamura,Hi"]
[Black "Caruana,F"]
[Result "1-0"]
[WhiteElo "2769"]
[BlackElo "2816"]

1.Nf3 d5 2.b3 Nf6 3.Bb2 Bf5 4.g3 e6 5.Bg2 Nbd7 6.c4 c6 7.O-O h6 8.d4 Be7
9.Nfd2 O-O 10.Nc3 a5 11.e3 Qb6 12.Qe2 Rfe8 13.Rfc1 Rad8 14.a3 Bf8 15.Qf1 Bg6
16.h3 Qa7 17.b4 axb4 18.axb4 Qb8 19.b5 e5 20.c5 h5 21.Na4 exd4 22.Bxd4 Bf5
23.bxc6 bxc6 24.Nb6 Ne5 25.Bxe5 Qxe5 26.Nf3 Qc7 27.Nd4 Be4 28.Ra6 Qb7 29.Na4 Ra8
30.Rb6 Qd7 31.Nb2 Rec8 32.Nd3 Qe8 33.Nb4 Ra5 34.Rxc6 Rxc6 35.Nbxc6 Rxc5 36.Rxc5 Bxc5
37.Qc1 Bd6 38.Nb5 Bf8 39.Ncd4 Qa8 40.Nc3 Bb4 41.Nxe4 dxe4 42.Qb1 Bc3 43.Nb3 Qd5
44.Qc2 Qe5 45.Nc1 Bb4 46.Ne2 g6 47.Nd4 Kg7 48.Qc4 Bd6 49.h4 Qc5 50.Qxc5 Bxc5
51.Ne2 Bb4 52.Nf4 Kg8 53.Nh3 Bf8 54.Nf4 Bd6 55.Nh3 Bf8 56.Kf1 Bg7 57.Ke2 Kf8
58.Kd2 Ke7 59.Kc2 Bh6 60.Kc3 Ke6 61.Kd4 Kf5 62.Nf4 Bg7 63.Nh3 Bh6 64.Kc4 Ke5
65.Kc3 Ng4 66.Kd2 f5 67.Bf1 Kf6 68.Bb5 Bf8 69.Ke2 Bd6 70.Kf1 Be5 71.Kg2 Bd6
72.Ng1 Be5 73.Ne2 Ke7 74.Nc1 Nf6 75.Nb3 Ng4 76.Be2 Nf6 77.Na5 Bd6 78.Nc6+ Kf7
79.Bc4+ Kg7 80.Nd4 Ng4 81.Be2 Ne5 82.Bxh5 Kf6 83.Be2 Bc5 84.Nb5 Bb6 85.Nc3 Bc5
86.g4 Ke6 87.g5 Be7 88.Bd1 Kf7 89.Nd5 Bd6 90.h5 gxh5 91.Bxh5+ Kg7 92.Nf4 Nd3
93.Ne6+ Kh7 94.Be8 Ne5 95.Nd4 Be7 96.Nxf5 Bxg5 97.Ng3 Ng4 98.Nf1 Kg7 99.Bc6 Nf6
100.Ng3 Ng4 101.Bxe4 Kf6 102.Kf3 Ne5+ 103.Ke2 Nf7 104.f4 Bh6 105.Kf3 Nd6
106.Bd3 Nb7 107.e4 Nc5 108.e5+ Kf7 109.Bc4+ Kg6 110.Kg4 Nd7 111.Bb5 Nc5 112.f5+ Kf7
113.Bc4+ Kg7 114.Nh5+ Kf8 115.Nf4 Nd7 116.Ng6+ Kg7 117.Bb5 Nf8 118.Ne7 Bc1
119.f6+ Kf7 120.Kf5 Bb2 121.Bc4+ Ke8 122.Nd5 Nd7 123.Bb5  1-0

[Event "GCT Rapid Paris 2018"]
[Site "Paris FRA"]
[Date "2018.06.21"]
[Round "5.5"]
[White "Vachier Lagrave,M"]
[Black "Nakamura,Hi"]
[Result "1/2-1/2"]
[WhiteElo "2789"]
[BlackElo "2769"]

1.e4 e5 2.Nf3 Nc6 3.Bc4 Bc5 4.c3 Nf6 5.d3 d6 6.O-O O-O 7.Re1 h6 8.h3 a5 9.Nbd2 Be6
10.Bb5 Qb8 11.Re2 Qa7 12.Ba4 Rab8 13.Nf1 b5 14.Bb3 a4 15.Bxe6 fxe6 16.Be3 Bxe3
17.Rxe3 d5 18.Ng3 b4 19.Re2 bxc3 20.bxc3 a3 21.Rb1 Rxb1 22.Qxb1 Rb8 23.Qc1 Qa6
24.Rd2 Rb5 25.Kh2 Qa5 26.exd5 exd5 27.d4 Ne4 28.Nxe4 dxe4 29.Nxe5 Nxe5 30.dxe5 Rxe5
31.Rd4 Re8 32.Qe3 Qe5+ 33.g3 Qe6 34.c4 Qb6 35.Kg2 Qb2 36.Rd2 Qb4 37.Rc2 Qb1
38.Rd2 Qb4 39.Rd4 Qb2 40.Rd2  1/2-1/2

[Event "GCT Rapid Paris 2018"]
[Site "Paris FRA"]
[Date "2018.06.21"]
[Round "6.5"]
[White "Nakamura,Hi"]
[Black "Grischuk,A"]
[Result "1/2-1/2"]
[WhiteElo "2769"]
[BlackElo "2766"]

1.e4 c5 2.Nf3 d6 3.Bb5+ Bd7 4.Bxd7+ Qxd7 5.O-O Nf6 6.Re1 Nc6 7.c3 e6 8.d4 cxd4
9.cxd4 d5 10.e5 Ne4 11.Nbd2 Nxd2 12.Bxd2 Be7 13.Rc1 O-O 14.Rc3 Rfc8 15.h4 Bd8
16.Rd3 Qc7 17.Ng5 h6 18.Nh3 Ne7 19.Bc3 b5 20.Nf4 Nf5 21.Qg4 Bxh4 22.Nh5 g6
23.Nf6+ Bxf6 24.exf6 Qd8 25.Qf4 Qxf6 26.g4 Qh4 27.Bd2 Ng7 28.Kg2 f5 29.Rg3 Rc2
30.Rh1 Qg5 31.Rxh6 Qxf4 32.Bxf4 fxg4 33.Rxg4 Nf5 34.Rh3 Rf8 35.Be5 Kf7 36.Rh7+ Kg8
37.Rh3 Kf7 38.Rg5 Ke7 39.Rxg6 Rf7 40.Rg8 Rf8 41.Rh7+ Rf7 42.Rhh8 Ne3+ 43.Kh3 Rcxf2
44.Re8+ Kd7 45.Rd8+ Kc6 46.Rd6+ Kb7 47.Rxe6 Rf8 48.Re7+ Ka8 49.Rhh7 R2f3+
50.Kh2 Rf2+ 51.Kh3 R2f3+ 52.Kh2 Rf2+  1/2-1/2

[Event "GCT Rapid Paris 2018"]
[Site "Paris FRA"]
[Date "2018.06.22"]
[Round "7.3"]
[White "So,W"]
[Black "Nakamura,Hi"]
[Result "1/2-1/2"]
[WhiteElo "2778"]
[BlackElo "2769"]

1.Nf3 d5 2.d4 Nf6 3.e3 c5 4.dxc5 e6 5.a3 Bxc5 6.c4 O-O 7.Nc3 dxc4 8.Bxc4 Qxd1+
9.Kxd1 a6 10.b4 Be7 11.Ke2 b5 12.Bd3 Bb7 13.Bb2 Nbd7 14.Rhd1 Rfc8 15.Rac1 Nb6
16.Nb1 Nfd5 17.Bd4 Nc4 18.Nfd2 Nxd2 19.Nxd2 Rxc1 20.Rxc1 a5 21.Bxb5 axb4
22.axb4 Bxb4  1/2-1/2

[Event "GCT Rapid Paris 2018"]
[Site "Paris FRA"]
[Date "2018.06.22"]
[Round "8.1"]
[White "Anand,V"]
[Black "Nakamura,Hi"]
[Result "0-1"]
[WhiteElo "2759"]
[BlackElo "2769"]

1.e4 d6 2.d4 g6 3.Nf3 Bg7 4.Bc4 Nf6 5.Qe2 O-O 6.O-O Bg4 7.c3 Nc6 8.h3 Bxf3
9.Qxf3 e5 10.d5 Ne7 11.Bd3 Nd7 12.c4 f5 13.Qd1 c6 14.Nc3 cxd5 15.cxd5 Kh8
16.Be3 Ng8 17.Rc1 a6 18.Rc2 Bh6 19.Bxh6 Nxh6 20.Qd2 f4 21.Rfc1 Ng8 22.f3 Ngf6
23.Nd1 a5 24.Nf2 Nc5 25.Bb5 Qb6 26.Rxc5 dxc5 27.a4 c4 28.Qc3 Qd6 29.Qxc4 Rac8
30.Qxc8 Rxc8 31.Rxc8+ Kg7 32.Nd3 Nh5 33.Kf1 Qb6 34.Nc5 Kh6 35.Ke1 Ng3 36.Kd1 Kh5
37.Kc2 Kh4 38.Kb1 Nh5 39.Ka2 Kg3 40.Nd3 Qd4 41.Rc2 Nf6 42.Nc5 Qd1 43.Kb3 g5
44.Nd3 Nd7 45.Kc3 Nb6 46.Nxe5 Qe1+ 47.Kb3 Qb4+ 48.Ka2 Nxa4 49.Bxa4 Qxa4+
50.Kb1 Qd4 51.Nc4 a4 52.d6 Qd1+ 53.Rc1 Qd3+ 54.Rc2 b5 55.Nd2 b4 56.Kc1 b3
57.Rc3 Qxd6  0-1

[Event "GCT Rapid Paris 2018"]
[Site "Paris FRA"]
[Date "2018.06.22"]
[Round "9.2"]
[White "Nakamura,Hi"]
[Black "Mamedyarov,S"]
[Result "1/2-1/2"]
[WhiteElo "2769"]
[BlackElo "2808"]

1.Nf3 c5 2.e4 Nf6 3.e5 Nd5 4.Nc3 e6 5.b3 Nc6 6.Bb2 Nxc3 7.dxc3 d5 8.exd6 Qxd6
9.Bd3 Ne5 10.Be2 Bd7 11.Qxd6 Bxd6 12.c4 Nc6 13.O-O-O Bf4+ 14.Kb1 f6 15.g3 Bc7
16.Nd2 b6 17.Ne4 Ke7 18.f4 Rad8 19.Nc3 Nd4 20.Bd3 Bc6 21.Rhf1 h5 22.Rde1 Kf7
23.Be4 h4 24.g4 h3 25.Bc1 Rh4 26.Bxc6 Nxc6 27.Rg1 Nd4 28.Ref1 Nc6 29.Be3 Ne7
30.Bf2 Rhh8 31.Bg3 f5 32.gxf5 exf5 33.Rf3 Rd7 34.Bf2 Ng8 35.Nd5 Bd8 36.Be1 Bf6
37.Kc1 Rh6 38.Bd2 Bd4 39.Rgg3 Nf6 40.Nxf6 Bxf6 41.Rxh3 Rxh3 42.Rxh3 Rd4 43.Kd1 Re4
44.a4 Be7 45.Rf3 a5 46.Be3 Re6 47.Ke2 Rh6 48.h3 Rg6 49.Bf2 Re6+ 50.Re3 Bd6
51.Rxe6 Kxe6 52.Bh4 Kd7 53.Bg5 Be7 54.h4 g6 55.Kf3 Ke6 56.Kg3 Bf6 57.Bh6 Kf7
58.Kh3 Be7 59.Bg5 Bf6 60.Kg3 Ke6 61.Kf3 Be7 62.Kg2 Bf6 63.Kg3 Kf7 64.c3 Kg7  1/2-1/2

[Event "GCT Blitz Paris 2018"]
[Site "Paris FRA"]
[Date "2018.06.23"]
[Round "1.1"]
[White "Karjakin,Sergey"]
[Black "Nakamura,Hi"]
[Result "1/2-1/2"]
[WhiteElo "2782"]
[BlackElo "2769"]

1.e4 e5 2.Nf3 Nc6 3.Bb5 Nf6 4.O-O Nxe4 5.Re1 Nd6 6.Nxe5 Be7 7.Bf1 Nf5 8.Nf3 d5
9.d4 O-O 10.c3 Re8 11.Nbd2 Bd6 12.g3 Rxe1 13.Nxe1 Nce7 14.Bd3 c6 15.Ndf3 g6
16.Ng2 f6 17.Bf4 Ng7 18.Qb3 Bg4 19.Nd2 Rb8 20.Re1 Bf5 21.Bf1 Be6 22.h4 Bf7
23.Qa4 Ra8 24.b4 Nc8 25.Qc2 Qc7 26.a4 Bxf4 27.Nxf4 Nd6 28.a5 Re8 29.Rxe8+ Ngxe8
30.Qd1 Qe7 31.Bd3 Nc7 32.Kg2 Ncb5 33.Qc2 Na3 34.Qc1 Nac4 35.Qc2 Kg7 36.Ne2 Be6
37.Nf4 Bf7 38.Ne2 Be6 39.Nf4  1/2-1/2

[Event "GCT Blitz Paris 2018"]
[Site "Paris FRA"]
[Date "2018.06.23"]
[Round "2.2"]
[White "Nakamura,Hi"]
[Black "Anand,V"]
[Result "1/2-1/2"]
[WhiteElo "2769"]
[BlackElo "2759"]

1.Nf3 Nf6 2.b3 c5 3.Bb2 Nc6 4.e3 e6 5.d4 cxd4 6.Nxd4 Be7 7.Nxc6 dxc6 8.Bd3 Qa5+
9.Nd2 e5 10.O-O Be6 11.Nc4 Bxc4 12.Bxc4 Ba3 13.Qc1 Bxb2 14.Qxb2 O-O 15.b4 Qc7
16.h3 Rfd8 17.Rfd1 Rd6 18.Rxd6 Qxd6 19.Be2 Qe7 20.Rd1 g6 21.Bc4 Rc8 22.a4 Rc7
23.Bb3 Rd7 24.Rxd7 Nxd7 25.Qc3 Nf6 26.Qc4 Kg7 27.b5 cxb5 28.axb5 b6 29.Kf1 Ne8
30.Qd5 Nf6 31.Qc4 Ne8 32.Qd5 Nf6  1/2-1/2

[Event "GCT Blitz Paris 2018"]
[Site "Paris FRA"]
[Date "2018.06.23"]
[Round "4.1"]
[White "Nakamura,Hi"]
[Black "Vachier Lagrave,M"]
[Result "1/2-1/2"]
[WhiteElo "2769"]
[BlackElo "2789"]

1.Nf3 c5 2.e4 d6 3.Nc3 Nf6 4.h3 a6 5.a4 Nc6 6.d4 cxd4 7.Nxd4 g6 8.Be3 Bg7
9.g3 O-O 10.Bg2 Bd7 11.O-O Ne5 12.Nde2 Nc4 13.Bc1 Rc8 14.b3 Ne5 15.Bb2 b5
16.axb5 axb5 17.Nd4 b4 18.Nd5 e6 19.Nxf6+ Bxf6 20.Qd2 Qb6 21.Kh2 Bg7 22.Rad1 Rfd8
23.f4 Nc6 24.Nxc6 Bxc6 25.Bxg7 Kxg7 26.Qd4+ Qxd4 27.Rxd4 Ba8 28.Rf2 Rb8 29.Rfd2 Rb6
30.Rc4 d5 31.Rc7 Rc6 32.Rxc6 Bxc6 33.Rd4 Rb8 34.exd5 exd5 35.g4 Kf6 36.Kg3 Ke6
37.Bf1 Kd6 38.Rd2 Re8 39.h4 Kc5 40.Bg2 Re3+  1/2-1/2

[Event "GCT Blitz Paris 2018"]
[Site "Paris FRA"]
[Date "2018.06.23"]
[Round "5.1"]
[White "Kramnik,V"]
[Black "Nakamura,Hi"]
[Result "0-1"]
[WhiteElo "2792"]
[BlackElo "2769"]

1.Nf3 d5 2.g3 Nf6 3.Bg2 e6 4.O-O Be7 5.c4 O-O 6.Re1 c5 7.cxd5 Nxd5 8.d4 cxd4
9.Nxd4 Nc6 10.Nxc6 bxc6 11.Qc2 Qb6 12.Bd2 c5 13.Na3 Bb7 14.Nc4 Qa6 15.Na5 Bc8
16.Rac1 Bd7 17.a3 Bb5 18.e4 Nb6 19.b3 Bd3 20.Qc3 Rac8 21.Bf4 Rfd8 22.Red1 c4
23.bxc4 Na4 24.Qe1 Nb2 25.e5 Rc7 26.Qc3 Nxd1 27.Rxd1 Bxc4 28.Rxd8+ Bxd8 29.Qd4 Bd5
30.Bxd5 exd5 31.Qxd5 Qc8 32.Nb3 Be7 33.Nd4 Qd7 34.Qxd7 Rxd7 35.Nc6 Bxa3 36.Be3 a6
37.Kg2 Rc7 38.Nd4 Bc5 39.e6 Bxd4  0-1

[Event "GCT Blitz Paris 2018"]
[Site "Paris FRA"]
[Date "2018.06.23"]
[Round "6.1"]
[White "Nakamura,Hi"]
[Black "Aronian,L"]
[Result "1/2-1/2"]
[WhiteElo "2769"]
[BlackElo "2764"]

1.e4 e5 2.Nf3 Nc6 3.Bb5 a6 4.Ba4 Nf6 5.O-O Be7 6.d3 b5 7.Bb3 d6 8.a3 O-O
9.Nc3 Bg4 10.Be3 Nd4 11.Bxd4 exd4 12.Nd5 Nxd5 13.Bxd5 Rc8 14.a4 c6 15.Bb3 d5
16.axb5 axb5 17.exd5 c5 18.h3 Bh5 19.Re1 Bd6 20.Ra6 Qf6 21.Rc6 Rce8 22.g4 Bg6
23.Kg2 h5 24.g5 Qd8 25.Rxe8 Rxe8 26.c3 dxc3 27.bxc3 Bf5 28.Bc2 Qd7 29.Ng1 g6
30.d4 Bxc2 31.Qxc2 Bf8 32.c4 bxc4 33.Qxc4 Rd8 34.dxc5 Qxd5+ 35.Qxd5  1/2-1/2

[Event "GCT Blitz Paris 2018"]
[Site "Paris FRA"]
[Date "2018.06.23"]
[Round "7.1"]
[White "So,W"]
[Black "Nakamura,Hi"]
[Result "1/2-1/2"]
[WhiteElo "2778"]
[BlackElo "2769"]

1.d4 Nf6 2.c4 e6 3.Nf3 d5 4.Nc3 Be7 5.Bf4 O-O 6.e3 c5 7.dxc5 Bxc5 8.a3 Nc6
9.Qc2 Qa5 10.Rd1 Re8 11.Nd2 e5 12.Bg5 Nd4 13.Qc1 Bf5 14.Bxf6 Nc2+ 15.Ke2 Nd4+
16.Ke1 Nc2+ 17.Ke2 Nd4+ 18.Ke1  1/2-1/2

[Event "GCT Blitz Paris 2018"]
[Site "Paris FRA"]
[Date "2018.06.23"]
[Round "8.1"]
[White "Nakamura,Hi"]
[Black "Mamedyarov,S"]
[Result "0-1"]
[WhiteElo "2769"]
[BlackElo "2808"]

1.Nf3 Nf6 2.b3 g6 3.Bb2 Bg7 4.d4 O-O 5.e3 d5 6.c4 c5 7.dxc5 Qa5+ 8.Nbd2 Qxc5
9.Rc1 Nc6 10.a3 a5 11.Be2 Rd8 12.O-O dxc4 13.Nd4 Nxd4 14.Bxd4 Qxa3 15.Nxc4 Qb4
16.Nb6 Rb8 17.Rc4 Qd6 18.Qa1 Be6 19.Ra4 Ng4 20.Bxg4 Bxd4 21.Rxd4 Qxb6 22.Bxe6 fxe6
23.Ra4 Rd5 24.Rb1 Rbd8 25.h3 Qc7 26.b4 Qc2 27.Qa2 Rd1+ 28.Rxd1 Rxd1+ 29.Kh2 Qxa2
30.Rxa2 axb4 31.Rb2 Rd5 32.Rxb4 b5 33.Kg3 Kf7 34.Kf3 Ke8 35.Rh4 h5 36.Re4 Kd7
37.Ke2 Kd6 38.g4 hxg4 39.Rxg4 g5 40.f4 gxf4 41.Rxf4 Kc5 42.Re4 e5 43.Rg4 b4
44.Rg8 b3 45.h4 e4 46.Rc8+ Kb4 47.Rb8+ Kc3 48.Rc8+ Kb2 49.Rh8 Kc2 50.Rc8+ Kb1
51.Kf2 b2 52.Kg3 Rd3 53.h5 Ka2 54.Ra8+ Ra3 55.Rb8 Rxe3+ 56.Kf4 Rb3 57.Ra8+ Ra3  0-1

[Event "GCT Blitz Paris 2018"]
[Site "Paris FRA"]
[Date "2018.06.23"]
[Round "9.1"]
[White "Caruana,F"]
[Black "Nakamura,Hi"]
[Result "0-1"]
[WhiteElo "2816"]
[BlackElo "2769"]

1.d4 Nf6 2.Bf4 c5 3.d5 g6 4.Nc3 d6 5.e4 Bg7 6.Nf3 Qb6 7.Bb5+ Bd7 8.a4 a6
9.a5 Qd8 10.Be2 b5 11.axb6 Qxb6 12.Rb1 Bb5 13.O-O Nbd7 14.Re1 O-O 15.h3 Rfd8
16.Nd2 Rab8 17.Nc4 Qc7 18.Qd2 Ne8 19.Bf1 Bxc4 20.Bxc4 Qa5 21.Qd3 Nc7 22.Ra1 Qb4
23.Na4 Ne5 24.Bxe5 Bxe5 25.c3 Qb7 26.Rf1 Qc8 27.f4 Bg7 28.Rae1 Qd7 29.b3 Nb5
30.Ra1 Kh8 31.Ra2 e6 32.dxe6 fxe6 33.f5 exf5 34.exf5 d5 35.f6 Bf8 36.Bxb5 Qxb5
37.Qg3 Bd6 38.Qf2 Bf8 39.f7 Qc6 40.Re2 d4 41.Qe1 d3 42.Re6 Qd5 43.Nb6 d2
44.Nxd5 dxe1=Q 45.Rfxe1 Rxd5 46.Re8 Rdd8 47.R1e6 Kg7 48.Rxd8 Rxd8 49.Rxa6 Rd3  0-1

[Event "GCT Blitz Paris 2018"]
[Site "Paris FRA"]
[Date "2018.06.24"]
[Round "10.1"]
[White "Nakamura,Hi"]
[Black "Karjakin,Sergey"]
[Result "1/2-1/2"]
[WhiteElo "2769"]
[BlackElo "2782"]

1.d4 Nf6 2.c4 e6 3.Nf3 d5 4.Nc3 Be7 5.Bf4 O-O 6.e3 Nbd7 7.c5 Nh5 8.Bd3 Nxf4
9.exf4 b6 10.b4 a5 11.a3 c6 12.O-O Qc7 13.g3 Ba6 14.Bxa6 Rxa6 15.Qe2 Rfa8
16.b5 cxb5 17.Nxd5 exd5 18.Qxe7 Rc8 19.Rfb1 bxc5 20.Rxb5 Re6 21.Qg5 h6 22.Qxd5 Rd6
23.Qc4 cxd4 24.Qxc7 Rxc7 25.Rxa5 d3 26.Rd1 Kh7 27.Rb5 Rc2 28.Rb4 Nc5 29.Rd4 Rxd4
30.Nxd4 Ra2 31.Nb5 Kg6 32.Kg2 f5 33.Kf3 Ne4 34.Rxd3 Rxf2+ 35.Ke3 Rxh2 36.g4 Rh3+
37.Kd4 Rxd3+ 38.Kxd3 Nc5+ 39.Kd4 Nb3+ 40.Kc3 Na5 41.gxf5+ Kxf5 42.Nd4+ Kg4
43.Kd3 h5 44.f5 h4 45.Ke2 Nc4 46.a4 Kg3 47.Kf1 h3 48.Kg1 Kf4  1/2-1/2

[Event "GCT Blitz Paris 2018"]
[Site "Paris FRA"]
[Date "2018.06.24"]
[Round "11.3"]
[White "Anand,V"]
[Black "Nakamura,Hi"]
[Result "0-1"]
[WhiteElo "2759"]
[BlackElo "2769"]

1.e4 d6 2.d4 g6 3.Nc3 Bg7 4.Nf3 Nf6 5.Be2 O-O 6.O-O Nc6 7.d5 Nb8 8.Re1 c6
9.h3 b6 10.Bf4 Bb7 11.Qd2 Nbd7 12.a4 a6 13.dxc6 Bxc6 14.Bd3 e5 15.Bh6 Nc5
16.Bxg7 Kxg7 17.b4 Nxd3 18.cxd3 Re8 19.d4 Bb7 20.d5 Rc8 21.Qe3 Rc4 22.b5 Qc7
23.Rac1 Rc8 24.bxa6 Bxa6 25.Na2 Nxe4 26.Rxc4 Qxc4 27.Nxe5 dxe5 28.Qxe4 Qxa2
29.Qxe5+ Kg8 30.Qd4 Qc4 31.Qxb6 Qxa4 32.d6 Bb5 33.Qb7 Rf8 34.Rc1 Bd7 35.Qd5 Qf4
36.Rc7 Be6  0-1

[Event "GCT Blitz Paris 2018"]
[Site "Paris FRA"]
[Date "2018.06.24"]
[Round "12.1"]
[White "Nakamura,Hi"]
[Black "Grischuk,A"]
[Result "1/2-1/2"]
[WhiteElo "2769"]
[BlackElo "2766"]

1.e4 c5 2.Nf3 d6 3.Nc3 Nf6 4.h3 a6 5.a4 Nc6 6.d4 cxd4 7.Nxd4 g6 8.Nxc6 bxc6
9.Bc4 Qc7 10.a5 Bg7 11.O-O O-O 12.Be3 Nd7 13.Bd4 Bxd4 14.Qxd4 Qa7 15.Qd2 Rb8
16.b3 Ne5 17.Be2 Be6 18.Kh2 Nd7 19.f4 f6 20.Na4 Kg7 21.Bd3 Bf7 22.Qe2 Ra8
23.Bc4 Bxc4 24.Qxc4 Qc7 25.Nc3 Qb7 26.Rae1 Rf7 27.Ne2 Qb5 28.Qc3 c5 29.Qa1 Qc6
30.Nc3 Rb8 31.Re3 Rb4 32.Nd5 Rd4 33.Qe1 f5 34.Nc3 e6 35.exf5 exf5 36.Re7 d5
37.Re6 Qb7 38.Qa1 Nf6 39.Na4 Qc7 40.Qe1 Rxf4 41.Rxf4 Qxf4+ 42.Kg1 Ne4 43.Nxc5 Nxc5
44.Qc3+ Kh6 45.Qxc5 Qc1+ 46.Kh2 Qf4+ 47.Kg1 Qc1+ 48.Kh2 Qf4+  1/2-1/2

[Event "GCT Blitz Paris 2018"]
[Site "Paris FRA"]
[Date "2018.06.24"]
[Round "13.1"]
[White "Vachier Lagrave,M"]
[Black "Nakamura,Hi"]
[Result "1/2-1/2"]
[WhiteElo "2789"]
[BlackElo "2769"]

1.Nf3 d5 2.g3 Nf6 3.Bg2 e6 4.O-O Be7 5.c4 O-O 6.d4 dxc4 7.Qc2 b5 8.a4 b4
9.Ne5 Qxd4 10.Nxc4 c6 11.Rd1 Qc5 12.Be3 Qh5 13.Nbd2 Ng4 14.Nf1 Nxe3 15.Nfxe3 a5
16.Rd2 Ba6 17.Rad1 Ra7 18.b3 Bf6 19.h4 Qc5 20.Qe4 Qe7 21.Rd6 c5 22.Bf3 Bd4
23.Rb6 Nd7 24.Rd6 Ne5 25.Rb6 Nd7 26.Rd6 Ne5 27.Rb6 Qc7 28.Rxd4 cxd4 29.Qxe5 Qxe5
30.Nxe5 dxe3 31.Nc6 Raa8 32.fxe3 Rfe8 33.Ne7+ Kf8 34.Bxa8 Rxa8 35.Nc6 Bxe2
36.Kf2 Bd1 37.Nd4 e5 38.Ke1 exd4 39.Kxd1 dxe3 40.Ke2 Rc8 41.Rb5 Rc3 42.Rxa5 Rxb3
43.Rb5 g6 44.a5 Kg7 45.a6 Ra3 46.Rxb4 Rxa6 47.Kxe3 Rf6 48.Rb5 Rf5 49.Rb6 Kh6
50.Rb4 Rf6 51.Rb5 Rf1 52.Ke2 Rf5 53.Rb4 f6 54.g4 Ra5 55.Kf3 Ra3+ 56.Kg2 f5
57.Rf4 Ra5 58.Kg3 Kg7 59.gxf5 gxf5 60.Rb4 Kg6 61.Rb7 Ra3+ 62.Kg2 h6 63.Rb5 Rc3
64.Ra5 Rd3 65.Rb5 f4 66.Ra5 Rg3+ 67.Kh2 h5 68.Rb5 Rg4 69.Kh3 f3 70.Rb3 Rf4
71.Rb1 Kf5 72.Kg3 f2 73.Rf1 Rg4+ 74.Kxf2 Rf4+ 75.Kg2 Rxf1 76.Kxf1 Kg4 77.Kg2 Kxh4
78.Kh2 Kg4 79.Kg2 h4 80.Kh2 h3 81.Kg1 Kg3 82.Kh1 h2  1/2-1/2

[Event "GCT Blitz Paris 2018"]
[Site "Paris FRA"]
[Date "2018.06.24"]
[Round "14.1"]
[White "Nakamura,Hi"]
[Black "Kramnik,V"]
[Result "1-0"]
[WhiteElo "2769"]
[BlackElo "2792"]

1.Nf3 Nf6 2.b3 d5 3.Bb2 e6 4.g3 Be7 5.Bg2 O-O 6.O-O c5 7.d4 Nc6 8.e3 b6 9.c4 Ba6
10.Ne5 Rc8 11.Nd2 cxd4 12.Nxc6 Rxc6 13.Bxd4 Rc7 14.Qe2 Bb4 15.Rfd1 Qe7 16.a3 Bxd2
17.Qxd2 dxc4 18.Be5 Rd7 19.Bxf6  1-0

[Event "GCT Blitz Paris 2018"]
[Site "Paris FRA"]
[Date "2018.06.24"]
[Round "15.1"]
[White "Aronian,L"]
[Black "Nakamura,Hi"]
[Result "1/2-1/2"]
[WhiteElo "2764"]
[BlackElo "2769"]

1.e4 c5 2.Nf3 d6 3.Be2 Nf6 4.c3 g6 5.O-O Bg7 6.Bb5+ Bd7 7.Bxd7+ Nbxd7 8.Re1 c4
9.Na3 Rc8 10.b3 cxb3 11.axb3 O-O 12.Nb1 Qb6 13.d4 e5 14.Bb2 d5 15.exd5 exd4
16.c4 Nc5 17.Bxd4 Qxb3 18.Bxc5 Qxd1 19.Rxd1 Rxc5 20.Rxa7 Rxc4 21.Rxb7 Nxd5
22.g3 Rc7  1/2-1/2

[Event "GCT Blitz Paris 2018"]
[Site "Paris FRA"]
[Date "2018.06.24"]
[Round "16.1"]
[White "Nakamura,Hi"]
[Black "So,W"]
[Result "1/2-1/2"]
[WhiteElo "2769"]
[BlackElo "2778"]

1.Nf3 d5 2.d4 Nf6 3.c4 e6 4.Nc3 c5 5.cxd5 cxd4 6.Qa4+ Bd7 7.Qxd4 exd5 8.e3 Nc6
9.Qd1 Bb4 10.Bd2 O-O 11.a3 Ba5 12.Be2 Bg4 13.O-O d4 14.exd4 Nxd4 15.Nxd4 Qxd4
16.Be3 Qxd1 17.Bxd1 Bxc3 18.bxc3 b6 19.Bd4 Bxd1 20.Bxf6 Bb3 21.Bd4 Rfe8 22.Rfe1 f6
23.f3 Kf7 24.Kf2 Rxe1 25.Rxe1 Re8 26.Rxe8 Kxe8  1/2-1/2

[Event "GCT Blitz Paris 2018"]
[Site "Paris FRA"]
[Date "2018.06.24"]
[Round "17.1"]
[White "Mamedyarov,S"]
[Black "Nakamura,Hi"]
[Result "0-1"]
[WhiteElo "2808"]
[BlackElo "2769"]

1.d4 Nf6 2.Nf3 e6 3.e3 c5 4.Bd3 d5 5.b3 Nc6 6.O-O Be7 7.Bb2 O-O 8.Nbd2 b6
9.a3 Bb7 10.Qe2 Qc7 11.Rac1 Rac8 12.c4 dxc4 13.bxc4 cxd4 14.exd4 Rfe8 15.Rfe1 Qb8
16.Ne4 Na5 17.Neg5 Qf4 18.Nxe6 fxe6 19.Qxe6+ Kh8 20.Ne5 Bf8 21.Qh3 Kg8 22.Nd7 Ne4
23.f3 Ng5 24.Qh5 Re3 25.Ne5 Rxd3 26.Nxd3 Qf5 27.d5 Nxc4 28.Ba1 Bxd5 29.Kh1 Rc6
30.Nf2 Qg6 31.Qg4 Ne3 32.Rxc6 Nxg4 33.Rxg6 Nxf2+  0-1

[Event "GCT Blitz Paris 2018"]
[Site "Paris FRA"]
[Date "2018.06.24"]
[Round "18.1"]
[White "Nakamura,Hi"]
[Black "Caruana,F"]
[Result "1-0"]
[WhiteElo "2769"]
[BlackElo "2816"]

1.d4 Nf6 2.c4 e6 3.Nf3 d5 4.Nc3 a6 5.cxd5 exd5 6.Bg5 Be6 7.e3 Nbd7 8.Bd3 Bd6
9.O-O O-O 10.Rc1 c6 11.Bf4 Bxf4 12.exf4 Bg4 13.Be2 Bxf3 14.Bxf3 Re8 15.g3 Nb6
16.b3 Qd6 17.Qd3 Re7 18.Rfe1 Rae8 19.Re5 Nbd7 20.Rc2 Qb4 21.Rxe7 Rxe7 22.Kg2 Nf8
23.h4 Ne6 24.Ne2 Nc7 25.Qc3 Qxc3 26.Rxc3 Kf8 27.h5 Ne4 28.Rc2 Nd6 29.Kf1 Re8
30.a4 a5 31.Nc1 Ne6 32.Ne2 Ra8 33.Bg4 f5 34.Bf3 Ra6 35.Rc3 Rb6 36.Ke1 Rb4
37.Rd3 b5 38.Rc3 bxa4 39.bxa4 Nc4 40.Rc1 Rxa4 41.Nc3 Ra3 42.Be2 Nd6 43.Bd1 Nxd4
44.Ne2 N6b5 45.Nxd4 Nxd4 46.Rb1 Nb5 47.Be2 Nd6 48.Rb6 Rc3 49.Ra6 Rc5 50.f3 Ke7
51.Ra7+ Kf6 52.h6 gxh6 53.Bd3 Rc3 54.Kd2 Ra3 55.Ra6 Ra2+ 56.Ke1 Rg2 57.Rxc6 Ke7
58.Rc7+ Ke6 59.Rxh7 Nf7 60.Bb5 Rxg3 61.Be8 Nd6 62.Kf2 Rh3 63.Bc6 d4 64.Kg2 Rh4
65.Kg3 Rh1 66.Kg2 Ra1 67.Rxh6+ Ke7 68.Rh7+ Kf8 69.Rd7 Nc4 70.Rxd4 Rc1 71.Bb5 Nb6
72.Rd6 Nc4 73.Ra6 Ke7 74.Kf2 Rc2+ 75.Kg3 Ne3 76.Rxa5 Rg2+ 77.Kh4 Rg1 78.Ra6 Kf7
79.Ra3 Ng2+ 80.Kg3 Ne1+ 81.Kf2 Rh1 82.Bc4+ Kf6 83.Ra6+ Kg7 84.Ra7+ Kf6 85.Rf7+ Kg6
86.Rc7 Nc2 87.Rc6+ Kg7 88.Rc7+ Kf6 89.Rc6+ Kg7 90.Rd6 Nb4 91.Be6 Kf6 92.Bc8+ Ke7
93.Rd7+ Kf6 94.Rd4 Rb1 95.Rd6+ Ke7 96.Rh6 Nd3+ 97.Ke3 Nc5 98.Bxf5 Rb3+ 99.Kf2 Kf7
100.Kg3 Rb2 101.Rc6 Rb5 102.Kg4 Ra5 103.Rb6 Na4 104.Rb7+ Kf6 105.Rb8 Nc3
106.Rb6+ Ke7 107.Be4 Ra1 108.f5 Rg1+ 109.Kf4 Kf7 110.Ke5 Ra1 111.Rb7+ Kf8
112.Rc7 Ra5+ 113.Kf6 Ra6+ 114.Kg5 Ne2 115.f6 Ra5+ 116.Kg4 Ra6 117.Kf5 Ra5+
118.Kg4 Ra6 119.Kg5 Ra5+ 120.Kh6 Nf4 121.Bg6 Ra8 122.Rh7  1-0

[Event "chess.com Speed 5m+1spm 2017"]
[Site "chess.com INT"]
[Date "2018.07.26"]
[Round "1"]
[White "Nakamura,Hi"]
[Black "Hou Yifan"]
[Result "1-0"]
[WhiteElo "2777"]
[BlackElo "2658"]

1.Nf3 d5 2.b3 Nf6 3.Bb2 g6 4.Bxf6 exf6 5.e3 Bg7 6.d4 O-O 7.g3 c6 8.Bg2 Re8
9.O-O Be6 10.Nbd2 Nd7 11.c4 f5 12.Qc2 Nf6 13.Rad1 Ne4 14.c5 g5 15.b4 a5 16.a3 axb4
17.axb4 h6 18.Ra1 Qc7 19.Rfe1 b6 20.Nb3 bxc5 21.Nxc5 Nxc5 22.Rxa8 Rxa8 23.bxc5 f4
24.exf4 gxf4 25.Ne5 Bxe5 26.dxe5 Qa5 27.Rc1 fxg3 28.hxg3 Qa2 29.Qc3 Rb8 30.Qe3 Kg7
31.Bf1 Rb1 32.Bd3 Rxc1+ 33.Qxc1 Qb3 34.Qc2 Qxc2 35.Bxc2 f6 36.exf6+ Kxf6
37.f4 Bf5 38.Ba4 Bd7 39.Kf2 h5 40.Ke3 Be8 41.Bd1 Kf5 42.Kf3 Kf6 43.Be2 Bg6
44.Ke3 Be8 45.Bd1 Kf5 46.Bf3 Kf6 47.Kf2 Kg6 48.Be2 Bf7 49.Ba6 Be6 50.Ke3 Bd7
51.Kd4 Kf6 52.Be2 Be8 53.g4 hxg4 54.Bxg4 Ke7 55.Ke5 Bd7 56.f5 Be8 57.f6+ Kf8
58.Be6 d4 59.Kxd4 Bh5 60.Ke5 Bf3 61.Kd6 Bg2 62.Bd7 Kf7 63.Bxc6 Bf1 64.Ke5  1-0